Johann Peter Habela Kalendergeschichten : eine Studie über Heimat und geschichte : Religion und sittlichkeit im "Hausfreund" /

Hlavní autor: Tschang Bok Rhie
Korporativní autor: Universität zu Köln. Philosophische Fakultät
Jazyk: Němčina
Vydáno: Köln : B.R. Tschang, 1976
Fyzický popis: 180 s.
Knihy
Uloženo v:
LEADER 00782nam a22002172a 4500
001 001221294
003 CZ BrMZK
005 20130107141241.0
007 ta
008 120608s1976 gw er 000 0 ger d
040 |a BOA001  |b cze 
100 1 |a Tschang Bok Rhie  |4 dis 
245 1 0 |a Johann Peter Habela Kalendergeschichten :  |b eine Studie über Heimat und geschichte : Religion und sittlichkeit im "Hausfreund" /  |c Bokrhie Tschang 
260 |a Köln :  |b B.R. Tschang,  |c 1976 
300 |a 180 s. 
502 |a Disertace--Universität zu Köln, 1976 
710 2 |a Universität zu Köln.  |b Philosophische Fakultät  |7 mzk2003187680 
910 |a BOA001  |b 2-0756.158 
990 |a BK 
991 |b 201206 
996 7 |b 2619531135  |c 2-0756.158  |l MZK  |r Sklad / do 1 hodiny  |n 0  |w 001255267  |u 000010  |a 1  |e BOA001  |j MZK50  |s A